000 01383nam a22003257a 4500
003 DO-SdBNP
005 20220304103221.0
008 210507b2017 dr | 00| 0 spa d
020 _a9789945492958
040 _aBPMSU
_6spa
_cBPMSU
082 _aRD863.5
_bP925v 2017
_222
100 _a
111 2 _aPremio Joven de Cuento
_d(2016 :
_cSanto Domingo)
245 1 3 _aLa visita y otros cuentos premiados /
_cDanilo Rodríguez ... [y otros].
_b
260 _aSanto Domingo:
_bMinisterio de Cultura ;
_bEditora Nacional.
_c2017.
300 _a137 p. :
_c20 cm.
490 0 _aNarrativa
500 _aIncluye datos biográfícos de Danilo Rodríguez en la solapa de la cubierta
500 _3Jurado Ibeth Guzmán, Pura Emeterio Rondón y Manuel Llibre Otero
505 _aPremio -- La visita / Danilo Rodríguez -- Menciones -- Afuera no se guardan las cosas / Vicente Arturo Pichardo -- Asunto Pendiente / Danilo Rodríguez -- Dos regalos de infortunio / Gregorio V
586 _aPremio joven de cuento Feria del Libro 2016
590 _6Inventariado, 2021/ VM
610 4 _aFeria del Iibro Internacional
_xCertámenes literarios
_y2016
650 4 _aCertámenes literarios
_zRepública Dominicana
650 4 _aCuentos dominicanos
650 4 _aLiteratura dominicana
710 2 _aMinisterio de Cultura(República Dominicana)
910 _aVMateo
942 _2ddc
_cBK
999 _c13462
_d13462